| 000 | 00536ntm a22001937a 4500 | ||
|---|---|---|---|
| 005 | 20160908181407.0 | ||
| 008 | 160908b xxu||||| |||| 00| 0 spa d | ||
| 041 | _aeng | ||
| 082 | _a428.3 W177e | ||
| 100 |
_aWalker,Carolyn _93010 |
||
| 100 |
_aHarvey,Paul _93011 |
||
| 245 | _aEnglish for business studies in higher education studies: teacher's book | ||
| 260 |
_aInglaterra _bGarnet publishing _c2008 |
||
| 300 | _a280 páginas. | ||
| 650 |
_aINGLÉS _92062 |
||
| 650 |
_aENSEÑANZA _9236 |
||
| 650 |
_aNEGOCIOS _9940 |
||
| 942 | _cBK | ||
| 999 |
_c8401 _d8401 |
||